|
|
|
|
| LEADER |
01117nam a2200253 a 4500 |
| 001 |
3562066 |
| 008 |
091111s1998 nyua 001 0 eng d |
| 010 |
|
|
|a 98039056
|
| 020 |
|
|
|a 0471296082 (pbk. : alk. paper)
|
| 040 |
|
|
|a DLC
|c DLC
|d DLC
|
| 082 |
0 |
0 |
|a 332.6
|2 21
|
| 100 |
1 |
|
|a Williamson, Gordon K.
|
| 245 |
1 |
0 |
|a Smart Guide to making wise investments /
|c Gordon K. Williamson.
|
| 260 |
|
|
|a New York :
|b Cader Books :
|b Wiley,
|c c1998.
|
| 300 |
|
|
|a x, 181 p. :
|b ill. ;
|c 24 cm.
|
| 490 |
0 |
|
|a Smart Guides
|
| 504 |
|
|
|a Includes index.
|
| 541 |
1 |
|
|e 00007969
|
| 650 |
|
0 |
|a Investments.
|
| 650 |
|
0 |
|a Finance, Personal.
|
| 852 |
4 |
|
|a Ayesha Abed Library
|j General Shelf.
|
| 999 |
|
|
|c 5438
|d 5438
|
| 952 |
|
|
|0 0
|1 0
|2 ddc
|4 0
|6 332_600000000000000_WIL
|7 0
|9 5305
|a BRACUL
|b BRACUL
|c GEN
|d 2009-11-12
|g 0.00
|l 5
|m 87
|o 332.6 WIL
|p 3010007968
|r 2025-06-28
|s 2025-03-23
|t 1
|w 2009-11-12
|y BK
|x No price found in the accession register.
|
| 952 |
|
|
|0 0
|1 0
|2 ddc
|4 0
|6 332_600000000000000_WIL
|7 0
|9 5403
|a BRACUL
|b BRACUL
|c GEN
|d 2009-11-16
|g 0.00
|l 6
|m 47
|o 332.6 WIL
|p 3010007969
|r 2025-11-23
|s 2025-10-08
|t 1
|w 2009-11-16
|y BK
|x No price found in the accession register.
|